书目信息 |
| 题名: |
治安案件程序概论
|
|
| 作者: | 谷福生 编著 | |
| 分册: | ||
| 出版信息: | 北京 警官教育出版社 1992 |
|
| 页数: | 367页 | |
| 开本: | 20cm | |
| 丛书名: | ||
| 单 册: | ||
| 中图分类: | D631.4 | |
| 科图分类: | ||
| 主题词: | 治安管理--案件 | |
| 电子资源: | ||
| ISBN: | 7-81027-127-X | |
| 000 | 00564nam0 2200193 450 | |
| 001 | 0736262523 | |
| 005 | 20070714082243.57 | |
| 010 | @a7-81027-127-X@dCNY6.00 | |
| 100 | @a20070709d1992 km y0chiy0120 ea | |
| 101 | 0 | @achi |
| 102 | @aCN@b110000 | |
| 200 | 1 | @a治安案件程序概论@Azhi an an jian cheng xu gai lun@f谷福生等编著@Fgu fu sheng deng bian zhu |
| 210 | @a北京@c警官教育出版社@d1992 | |
| 215 | @a367页@d20cm | |
| 606 | 0 | @a治安管理@x案件 |
| 690 | @aD631.4@v3 | |
| 701 | 0 | @a谷福生@Agu fu sheng@4编著 |
| 801 | 0 | @aCN@bPFT@c20070714 |
| 905 | @a10447@dD631.4@e107 | |
| 治安案件程序概论/谷福生等编著.-北京:警官教育出版社,1992 |
| 367页;20cm |
| ISBN 7-81027-127-X:CNY6.00 |
| ● |
| 相关链接 |
|
|
|
|
正题名:治安案件程序概论
索取号:D631.4/107
 
预约/预借
| 序号 | 登录号 | 条形码 | 馆藏地/架位号 | 状态 | 备注 |
| 1 | 0765867 | 207658676 | 第一样本阅览室/ [索取号:D631.4/107] | 在馆 |